1-2-3 : power user's guide

Αποθηκεύτηκε σε:
Λεπτομέρειες βιβλιογραφικής εγγραφής
Κύριος συγγραφέας: Campbell, Mary V.
Μορφή: Βιβλίο
Γλώσσα:English
Δημοσίευση: Berkeley : Osborne McGraw-Hill, c1988
Θέματα:
Ετικέτες: Προσθήκη ετικέτας
Δεν υπάρχουν, Καταχωρήστε ετικέτα πρώτοι!

MARC

LEADER 00000cam a2200000 i 4500
001 1/105233
008 950609s1988 eng d
020 |a 0-07-881298-4 
035 |l 10013585 
040 |a GR-MY-UA  |b gre  |e aacr 
041 0 |a eng 
082 0 |a 650.02855369 
100 1 |a Campbell, Mary V. 
245 1 0 |a 1-2-3 :  |b power user's guide /  |c Mary Campbell 
260 |a Berkeley :   |b Osborne McGraw-Hill,   |c c1988 
300 |a xix, 861 p.;  |b ill.;  |c 24 cm 
504 |a Includes index 
650 0 0 |a Business  |x Computer programs. 
852 |a INST  |b LESVOS  |e 19950609  |h 650.02855369 CAM  |p 005100006651  |q 005100006651  |t BK  |y 0 
909 |a Λ  |b 011986